5HLuxD.jpg

KING HENRY VIII SENIOR AND PRIMARY SCHOOL LIBRARY OPAC

The township plays / (Record no. 2961)

000 -LEADER
fixed length control field 01111cam a2200349 a 4500
001 - CONTROL NUMBER
control field 4911911
003 - CONTROL NUMBER IDENTIFIER
control field OSt
005 - DATE AND TIME OF LATEST TRANSACTION
control field 20230913144340.0
008 - FIXED-LENGTH DATA ELEMENTS--GENERAL INFORMATION
fixed length control field 940308s1993 enk b 000 0 eng d
010 ## - LIBRARY OF CONGRESS CONTROL NUMBER
LC control number 94127602
020 ## - INTERNATIONAL STANDARD BOOK NUMBER
International Standard Book Number 0192829254
020 ## - INTERNATIONAL STANDARD BOOK NUMBER
International Standard Book Number 9780192829252
035 ## - SYSTEM CONTROL NUMBER
System control number (OCoLC)29191748
040 ## - CATALOGING SOURCE
Original cataloging agency MBE
Transcribing agency MBE
Modifying agency DLC
-- KH8
042 ## - AUTHENTICATION CODE
Authentication code lccopycat
043 ## - GEOGRAPHIC AREA CODE
Geographic area code f-sa---
082 00 - DEWEY DECIMAL CLASSIFICATION NUMBER
Classification number 822 FUG
Edition number 20
100 1# - MAIN ENTRY--PERSONAL NAME
Personal name Fugard, Athol,
Relator term author.
240 10 - UNIFORM TITLE
Uniform title Plays.
Form subheading Selections
245 14 - TITLE STATEMENT
Title The township plays /
Statement of responsibility, etc. Athol Fugard ; edited with an introduction by Dennis Walder.
260 ## - PUBLICATION, DISTRIBUTION, ETC.
Place of publication, distribution, etc. Oxford :
Name of publisher, distributor, etc. Oxford University Press,
Date of publication, distribution, etc. 1993.
300 ## - PHYSICAL DESCRIPTION
Extent xxxiv, 236 p. ;
Dimensions 20 cm.
504 ## - BIBLIOGRAPHY, ETC. NOTE
Bibliography, etc. note Includes bibliographical references.
505 0# - FORMATTED CONTENTS NOTE
Formatted contents note No-good Friday -- Nongogo -- The coat -- Sizwe Bansi is dead -- The island.
650 #0 - SUBJECT ADDED ENTRY--TOPICAL TERM
Topical term or geographic name entry element City and town life
Form subdivision Drama.
650 #0 - SUBJECT ADDED ENTRY--TOPICAL TERM
Topical term or geographic name entry element Black people
Geographic subdivision South Africa
Form subdivision Drama.
650 #0 - SUBJECT ADDED ENTRY--TOPICAL TERM
Topical term or geographic name entry element Political plays, South African (English)
651 #0 - SUBJECT ADDED ENTRY--GEOGRAPHIC NAME
Geographic name South Africa
Form subdivision Drama.
655 #7 - INDEX TERM--GENRE/FORM
Genre/form data or focus term Political plays.
Source of term lcsh
700 1# - ADDED ENTRY--PERSONAL NAME
Personal name Walder, Dennis,
Relator term editor.
942 ## - ADDED ENTRY ELEMENTS (KOHA)
Source of classification or shelving scheme
Koha item type Teaching Resources
Holdings
Withdrawn status Lost status Source of classification or shelving scheme Damaged status Not for loan Collection code Permanent Location Current Location Shelving location Date acquired Full call number Barcode Date last seen Price effective from Koha item type
          Teaching Resources KH8 Senior School Library KH8 Senior School Library Staff Office 2023-09-13 822 FUG TRKHSL003113 2023-09-13 2023-09-13 Teaching Resources

Powered By KH8 IT Dept